00580nam a2200193Ia 450000500170000000800410001702000150005808200210007324500420009426000520013630000170018865000110020565000160021665000170023270000190024994200060026895200970027499900150037120250115020956.0240331s9999 xx 000 0 und d a0195081943 bDEB22186a305.3 0aGender and Conversational Interaction aNew YorkaOxfordbOxford University Pressc1993 axiv, 327 p., aGender aInteraction aEthnographic aTannen, Deedt cL 001040708LaWERCLbWERCLcSSCd2024-03-31l0o 305.3 GENp2186r2024-03-31w2024-03-31yL c1573d1573